000 00717pam a2200241 a 4500
001 711000
005 20180216031805.0
008 971024s1998 maua b 001 0 eng
010 _a 97044978
020 _a0262112353
020 _a0262611406 (pbk.)
040 _aDLC
_cDLC
_dDLC
041 _aeng
080 _a330.015195 KEN
082 0 0 _a330.015195 KEN
_221
100 1 _a52
101 _aEKO
245 1 2 _aA guide to econometrics /
_cPeter Kennedy.
504 _aIncludes bibliographical references (p. [411]-446) and indexes.
906 _a7
_bcbc
_corignew
_d1
_eocip
_f19
_gy-gencatlg
942 _2ddc
_cBK
999 _c42716
_d42716